Scaling control charts: what we forgot to tell you.

Problémy vznikajúce pri zostavovaní a uplatnení regulačných diagramov na sledovanie variácií výrobného procesu: Spôsob vytvorenia škály diagramu, ktorá sa ľahko vynáša a odčíta, za použitia niekoľkých jednoduchých vzorcov a tabuľky. Metóda vychádza z najvyšších a najnižších hodnôt, ktoré budú vynáša...

Ausführliche Beschreibung

Gespeichert in:
Bibliographische Detailangaben
1. Verfasser: Mowery, R.N
Format: Buchkapitel
Sprache:Englisch
Schlagworte:
Tags: Tag hinzufügen
Keine Tags, Fügen Sie das erste Tag hinzu!

MARC

LEADER 00000naa a2200000 4500
001 r007369
005 20221213084452.6
041 0 |a eng 
044 |a US 
245 1 0 |a Scaling control charts: what we forgot to tell you.  |c R.N. Mowery 
520 |a Problémy vznikajúce pri zostavovaní a uplatnení regulačných diagramov na sledovanie variácií výrobného procesu: Spôsob vytvorenia škály diagramu, ktorá sa ľahko vynáša a odčíta, za použitia niekoľkých jednoduchých vzorcov a tabuľky. Metóda vychádza z najvyšších a najnižších hodnôt, ktoré budú vynášané. Príklady zostavovania škály. 
610 2 0 |a diagramy 
610 2 0 |a škály 
610 2 0 |a hodnota 
610 2 0 |a kontrola kvality 
610 2 0 |a proces výrobný 
610 2 0 |a metódy štatistické 
100 1 |a Mowery, R.N.